classmates - Statistics

General Stats
  • This quiz has been taken 2 times
  • The average score is 3 of 6
Answer Stats
Hint Answer % Correct
beanie kobe
100%
idk dantayze
50%
tool jacob
50%
filipino jude
50%
short reuben
50%
hockey payton
0%
No matching quizzes found
Score Distribution
Percent of People with Each Score
Percentile by Number Answered
Your Score History
You have not taken this quiz